banner-ar

تراثنا القومى بين التحدى والاستجابة منجزات 1985-1982 / (Record no. 56247)

MARC details
000 -الفاتح
حقل البيانات ثابتة الطول 00904nam a2200253Ia 4500
008 - عناصر البيانات ثابتة الطول - معلومات عامة
حقل البيانات ثابتة الطول 140319s9999 xx 000 0 ara d
040 ## - مصدر الفهرسة
وكالة الفهرسة الأصلية GCL /
وكالة النسخ GCL
082 04 - رقم تصنيف ديوى العشرى
رقم التصنيف ق
رقم المادة 932
-- ا ت
100 1# - المدخل الرئيسى - إسم شخصى
الإسم الشخصى احمد قدرى
245 10 - بيان العنوان
العنوان تراثنا القومى بين التحدى والاستجابة منجزات 1985-1982 /
بيان المسئوليه,etc احمد قدرى
700 1# - المدخل الاضافى - اسم شخصى
الإسم الشخصى عاطف عبدالحميد
700 1# - المدخل الاضافى - اسم شخصى
الإسم الشخصى امال صفوت الالفى
260 ## - PUBLICATION, DISTRIBUTION, ETC. (IMPRINT)
تاريخ النشر أو التوزيع 1985
300 ## - الوصف المادى
التعداد 324 ص
490 ## - بيان السلسلة
عنوان السلسلة نحو وعى حضارى معاصر \ سلسلة الثقافة الاثرية والتاريخية
رقم المجلد/ التعيين التسلسلي 0
650 04 - المدخل الاضافى بالموضوع-مصطلح موضوعى
مصطلح موضوعي الاثار الاسلامية
650 04 - المدخل الاضافى بالموضوع-مصطلح موضوعى
مصطلح موضوعي الاثار الفرعونية
650 04 - المدخل الاضافى بالموضوع-مصطلح موضوعى
مصطلح موضوعي الاثار
650 04 - المدخل الاضافى بالموضوع-مصطلح موضوعى
مصطلح موضوعي الحضارة المصرية
650 04 - المدخل الاضافى بالموضوع-مصطلح موضوعى
مصطلح موضوعي ترميم
650 04 - المدخل الاضافى بالموضوع-مصطلح موضوعى
مصطلح موضوعي المتاحف
942 ## - عناصر المدخل الإضافي( كوها)
مصدر التصنيف او مخطط الترفيف Dewey Decimal Classification
Koha [default] item type كتاب
260 ## - PUBLICATION, DISTRIBUTION, ETC. (IMPRINT)
-- [S.N] :
-- هيئة الاثار المصرية ،
Holdings
حالة التراجع حالة الفقد حالة تلف ليس للاعارة المكان المؤقت الموقع الحالى تاريخ الاكتساب اجمالي اﻻعارات رقم الطلب الباركود تاريخ اخر مشاهدة تاريخ تفعيل السعر نوع وعاء كوها
        مكتبة القاهرة الكبرى مكتبة القاهرة الكبرى 03/26/2014   ق\932\ا ت 134896 03/26/2014 03/26/2014 كتاب

Powered By

EGPV